000 00890nam a2200277 i 4500
001 47723
003 ES-MaACL
005 20230906161623.0
007 t|
008 020211s2001 sp ||||0| spa
020 _a84-306-0451-0
080 _a94(4)"15/16"
100 1 _aParker, Geoffrey.
_989177
245 1 3 _aEl éxito nunca es definitivo :
_bimperialismo, guerra y fe en la Europa moderna /
_cGeoffrey Parker ; traducción de Marco Aurelio Galmarini y Pepa Linares.
260 _a[Madrid] :
_bTaurus,
_c[2001]
300 _a411 p. :
_bil. ;
_c25 cm.
490 1 _aTaurus historia
500 _aÍndices.
651 4 _aEuropa-
_xHistoria-
_y1517-1648.
_9148148
700 1 _aGalmarini, Marco Aurelio.
_953654
700 1 _aLinares, Pepa.
_972344
830 1 _aTaurus historia
_9180684
852 _aES-MaACL
_jL-26290
852 _aES-MaACL
_jL-27402
999 _c47723
_d47723